La verdad prohibida (Record no. 50670)

MARC details
000 -LEADER
campo de control de longitud fija 00451nam a2200157 i 4500
001 - NÚMERO DE CONTROL
campo de control 50670
003 - IDENTIFICADOR DE NÚMERO DE CONTROL
campo de control ES-MaACL
005 - FECHA Y HORA DE LA ÚLTIMA TRANSACCIÓN
campo de control 20230906162222.0
007 - CAMPO FIJO DE DESCRIPCIÓN FÍSICA--INFORMACIÓN GENERAL
campo de control de longitud fija t|
008 - DATOS DE LONGITUD FIJA--INFORMACIÓN GENERAL
campo de control de longitud fija 030806s1962 sp ||||1| spa d
100 1# - ENTRADA PRINCIPAL--NOMBRE DE PERSONA
Nombre de persona Cubria, Francisco.
9 (RLIN) 41950
245 13 - MENCIÓN DEL TÍTULO
Título La verdad prohibida
Resto del título : novela /
Mención de responsabilidad, etc. Francisco Cubria.
260 ## - PUBLICACIÓN, DISTRIBUCIÓN, ETC.
Lugar de publicación, distribución, etc. Santander :
Nombre del editor, distribuidor, etc. [s.n.],
Fecha de publicación, distribución, etc. 1962 (
Fabricante Gráf. Hermanos Bedia)
300 ## - DESCRIPCIÓN FÍSICA
Extensión 293 p. ;
Dimensiones 25 cm.
852 ## - LOCALIZACIÓN
Ubicación ES-MaACL
Número de control de estantería C-21392
Sublocalización o colección R.49812
Holdings
Estatus retirado Estado de pérdida Estado de daño No para préstamo Biblioteca de origen Biblioteca actual Ubicación en estantería Fecha de adquisición Fuente de adquisición Total de préstamos Signatura topográfica completa Código de barras Visto por última vez Precio de reemplazo Tipo de ítem Koha
        Biblioteca del Ateneo de Madrid Biblioteca del Ateneo de Madrid Galería 17/01/2008     C-21392 1053292 23/02/2023 23/02/2023 Libro impreso